Handbook on impact evaluation (Registro nro. 67206)

Detalles MARC
000 -ENCABEZADO
Número de control [NR] 01038nam a2200277Ia 4500
005 - FECHA Y HORA DE LA ÚLTIMA TRANSACCIÓN
control field 20151005113704.0
008 - DE LONGITUD FIJA DE DATOS DE ELEMENTOS - INFORMACIÓN GENERAL
Elementos de longitud fija [NR] 130821s2010 xxud fr 1 eng
020 ## - NUMERO INTERNACIONAL NORMALIZADO PARA LIBROS [R]
Número Internacional Normalizado del libro [NR] 9780821380284
020 ## - NUMERO INTERNACIONAL NORMALIZADO PARA LIBROS [R]
Número Internacional Normalizado del libro [NR] 9780821380291
040 ## - FUENTE DE CATALOGACION [NR]
Agencia de catalogación original [NR] Co-BoUCM
Idioma de catalogación [NR] spa
Quien Cataloga Jose A. Gerena (modificó)
Quien Clasifica [Nuevo]
041 00 - CODIGO DE IDIOMA [R]
Código de idioma para texto/pista de sonido o título separado [R] Inglés
100 1# - ASIENTO PRINCIPAL--NOMBRE PERSONAL [NR]
Nombre personal [NR] Khandker, Shahidur R.
ID Autoridad 63842
245 10 - MENCION DE TITULO [NR]
Título [NR] Handbook on impact evaluation
Mención de responsabilidad, etc. [NR] Shahidur R. Khandker, Gayatri B. Koolwal, Hussain A. Samad
Parte restante del título [NR] quantitative methods and practices
260 ## - PUBLICACION, DISTRIBUCION, ETC. (PIE DE IMPRENTA) [R]
Lugar de publicación, distribución, etc. [R] Washington D.C. (Estados Unidos)
Nombre del editor, distribuidor, etc. [R] World Bank
Fecha de publicación, distribución, etc. [R] 2010
300 ## - DESCRIPCION FISICA [R]
Extensión [R] xx, 239 páginas
Otros detalles físicos [NR] cuadros gráficas
500 ## - NOTA GENERAL [R]
Nota general [NR] Incluye índice
650 #7 - ASIENTO SECUNDARIO DE MATERIA - TERMINO TEMATICO [R]
Término temático o nombre geográfico como elemento de entrada [NR] Asistencia económica
Subdivisión de forma [R] Evaluación
9 (RLIN) 9640
650 #7 - ASIENTO SECUNDARIO DE MATERIA - TERMINO TEMATICO [R]
Término temático o nombre geográfico como elemento de entrada [NR] Economía
9 (RLIN) 174
650 #7 - ASIENTO SECUNDARIO DE MATERIA - TERMINO TEMATICO [R]
Término temático o nombre geográfico como elemento de entrada [NR] Proyectos de desarrollo económico
Subdivisión de forma [R] Evaluación
9 (RLIN) 22706
690 ## - ASUNTO AGREGADO LOCAL DE ENTRADA - TÉRMINO TEMÁTICO (OCLC, RLIN)
9 (RLIN) 42795
Acceso temático local Economía
700 1# - ASIENTO SECUNDARIO - NOMBRE PERSONAL [R]
Nombre personal [NR] Koolwal, Gayatri B.
9 (RLIN) 63843
700 1# - ASIENTO SECUNDARIO - NOMBRE PERSONAL [R]
Nombre personal [NR] Samad, Hussain A.
9 (RLIN) 63844
710 2# - ASIENTO SECUNDARIO - NOMBRE CORPORATIVO [R]
Nombre corporativo o de jurisdicción como elemento de entrada [NR] The World Bank
9 (RLIN) 63845
942 ## - ELEMENTOS DE ENTRADA AGREGADOS (KOHA)
Tema principal Economía
Edición 1
Prefijo de la signatura top. (colección) Colección - Referencia
Parte restante de la signatura top. K454h
Tipo de ítem principal el descrito en 300a Libro de referencia
Sistema de clasificación DEWEY
Clasificación 338.9
Existencias
Fecha de último préstamo Total préstamos Total Renewals Signatura topográfica Código de barras Última vez visto Ejemplar Price effective from Tipo de ítem Perdido Sistema de clasificación Dañado No prestable Tipo de ítem específico Suprimido Ubicación habitual Ubicación actual Localización Fecha de creación Forma de adquisición Costo Costo de reposición Proveedor
05/12/2019 4 7 R 338.9 K454h 100107600 04/12/2025 Ej.1 03/02/2013 Libro   DEWEY     Libro   Claustro Claustro Mezanine 28/02/2010 Compra 68297.00    
09/04/2019 3 2 338.9 K454h 100143570 04/12/2025 Ej.2 14/08/2014 Libro   DEWEY     Libro   Claustro Claustro Mezanine 14/08/2014 Compra 56270.00 55761.00 15
      338.9 K454h 100144405 04/12/2025 Ej.3 11/11/2014 Libro   DEWEY     Libro   Claustro Claustro Mezanine 11/11/2014 Compra 70596.00 74851.00 15
28/02/2020 2 6 338.9 K454h 100147705 04/12/2025 Ej.4 18/09/2015 Libro   DEWEY     Libro   Claustro Claustro Mezanine 18/09/2015 Compra 78977.00 78977.00 15